| 000 | 00639cam a22002293a 4500 | ||
|---|---|---|---|
| 001 | 18499 | ||
| 003 | PGUSA | ||
| 005 | 20140828083408.0 | ||
| 008 | 060604s2006||||xxu|||||s|||||000 1 eng d | ||
| 040 |
_aPGUSA _beng |
||
| 042 | _adc | ||
| 050 | 4 | _aPZ | |
| 100 | 1 |
_aBlake, Emily Calvin, _d1882- |
|
| 245 | 1 | 0 |
_aSuzanna Stirs the Fire _h[electronic resource] / _cEmily Calvin Blake |
| 260 |
_bProject Gutenberg, _c2006 |
||
| 506 | _aPublic domain in the USA. | ||
| 516 | _aElectronic text | ||
| 653 | _aGirls -- Juvenile fiction | ||
| 830 | 0 |
_aProject Gutenberg _v18499 |
|
| 856 | 4 | 0 | _uhttp://www.gutenberg.org/ebooks/18499 |
| 942 | _cEB | ||
| 999 |
_c247754 _d247754 |
||